00285nam a22000857a 4500082002600000245007300026260003400099300002900133526003700162 a338.479195493bSricD aSri Lanka Offical tourist handbookcCeylon tourist board publication aColombobCeylon tourist board a124 p. :bill, ;c18 cm. a0b0c0d338_479195493000000_SRI